000 00408nam a2200157Ia 4500
005 20240626014821.0
008 240331s9999 xx 000 0 und d
082 _a060
_bDEV
100 _aDewaraja, L
245 0 _aGrowth and development
260 _aSri Lanka
_bSri Lnaka federation of university women
_c1941- 1991
300 _a146 p .,
650 _aWomen
700 _aDewaraja, Lorna
_eedt
942 _cL
999 _c647
_d647